[Event "Teplice op 18th"]
[Site "Teplice"]
[Date "2025.06.21"]
[Round "8"]
[White "Grebennikov, Nikolai A"]
[Black "Kraus, Tomas"]
[Result "0-1"]
[WhiteElo "2199"]
[BlackElo "2420"]
[PlyCount "70"]
[EventDate "2025.06.14"]
[EventType "swiss"]
[EventRounds "9"]
[EventCountry "CZE"]
[SourceTitle "CB26_2025"]
[SourceDate "2025.06.25"]
[SourceVersion "1"]
[SourceVersionDate "2025.06.25"]
[SourceQuality "1"]

1. d4 d5 2. c4 e6 3. Nc3 Bb4 4. a3 Bxc3+ 5. bxc3 c5 6. e3 Ne7 7. cxd5 exd5 8. Bd3 0-0 9. Ne2 Bf5 10. f3 Bxd3 11. Qxd3 Nd7 12. 0-0 Rc8 13. e4 Re8 14. e5 Qc7 15. Bf4 Qc6 16. Rab1 Nb6 17. Bg5 Qg6 18. Qxg6 Nxg6 19. f4 h6 20. f5 Nxe5 21. dxc5 Rxc5 22. Be3 Ra5 23. Bxb6 axb6 24. Nd4 Nc4 25. f6 g6 26. Rfe1 Re4 27. Rxe4 dxe4 28. Rb4 Rc5 29. Kf1 Ne3+ 30. Ke2 Nd5 31. Nb3 Rxc3 32. Rb5 Rd3 33. Ke1 e3 34. Nc1 Rd2 35. Nb3 Nc3 0-1

[Event "Norway Chess op-A"]
[Site "Stavanger"]
[Date "2025.05.27"]
[Round "8"]
[White "Grebennikov, Nikolai A"]
[Black "Poley, Vladimir"]
[Result "1-0"]
[WhiteElo "2199"]
[BlackElo "2284"]
[PlyCount "67"]
[EventDate "2025.05.27"]
[EventType "swiss"]
[EventRounds "9"]
[EventCountry "NOR"]
[SourceTitle "CB23_2025"]
[SourceDate "2025.06.04"]
[SourceVersion "1"]
[SourceVersionDate "2025.06.04"]
[SourceQuality "1"]

1. d4 g6 2. c4 Bg7 3. Nc3 d6 4. e4 e5 5. d5 a5 6. h4 h5 7. c5 Bh6 8. cxd6 cxd6 9. Nf3 Bxc1 10. Bb5+ Kf8 11. Rxc1 Nf6 12. Nd2 Nbd7 13. Na4 Kg7 14. 0-0 Ng4 15. g3 Nb6 16. Nxb6 Qxb6 17. Qa4 Nf6 18. Kg2 Qd8 19. f4 Ng4 20. Nc4 f5 21. Qa3 fxe4 22. Nxd6 Rf8 23. fxe5 Rxf1 24. Rxf1 Nxe5 25. Ne8+ Kh7 26. Qf8 Bh3+ 27. Kxh3 Qc8+ 28. Kg2 Qc2+ 29. Rf2 Rxe8 30. Bxe8 Qc7 31. Rf7+ Nxf7 32. Bxf7 Qc2+ 33. Kh3 Qxb2 34. Qg8+ 1-0

[Event "Titled Tuesday intern op 04th Feb Early"]
[Site "Chess.com INT"]
[Date "2025.02.04"]
[Round "6"]
[White "Belov, Alexei"]
[Black "Grebennikov, Nikolai A"]
[Result "1-0"]
[WhiteElo "2421"]
[BlackElo "2176"]
[PlyCount "55"]
[EventDate "2025.02.04"]
[EventType "swiss (blitz)"]
[EventRounds "11"]
[EventCountry "USA"]
[SourceTitle "CB07_2025"]
[SourceDate "2025.02.12"]
[SourceVersion "1"]
[SourceVersionDate "2025.02.12"]
[SourceQuality "1"]

1. e4 c5 2. Nf3 e6 3. d4 cxd4 4. Nxd4 Nc6 5. Nc3 Qc7 6. Be2 Nf6 7. 0-0 a6 8. a4 Nxd4 9. Qxd4 Bc5 10. Qc4 Bb6 11. Qxc7 Bxc7 12. Be3 b6 13. f4 Bb7 14. Bf3 0-0-0 15. e5 Ne8 16. Bxb7+ Kxb7 17. Ne4 d5 18. Ng5 Rd7 19. f5 Bxe5 20. fxe6 fxe6 21. Nf7 Bxb2 22. Rab1 Rf8 23. Nd6+ Rxd6 24. Rxf8 d4 25. Bf2 Nf6 26. Rxb2 e5 27. Rf7+ Kc6 28. Re7 1-0

[Event "Titled Tuesday intern op 04th Feb Early"]
[Site "Chess.com INT"]
[Date "2025.02.04"]
[Round "7"]
[White "Grebennikov, Nikolai A"]
[Black "Avila Pavas, Santiago"]
[Result "0-1"]
[WhiteElo "2176"]
[BlackElo "2511"]
[PlyCount "108"]
[EventDate "2025.02.04"]
[EventType "swiss (blitz)"]
[EventRounds "11"]
[EventCountry "USA"]
[SourceTitle "CB07_2025"]
[SourceDate "2025.02.12"]
[SourceVersion "1"]
[SourceVersionDate "2025.02.12"]
[SourceQuality "1"]

1. d4 Nf6 2. c4 c5 3. d5 b5 4. cxb5 a6 5. bxa6 g6 6. Nc3 Bg7 7. Nf3 0-0 8. e4 Qa5 9. Bd2 Bxa6 10. Bxa6 Qxa6 11. Qe2 e6 12. dxe6 fxe6 13. Qxa6 Nxa6 14. Ke2 d5 15. exd5 exd5 16. Rhe1 Nb4 17. Rac1 c4 18. Ne5 d4 19. Nb5 d3+ 20. Kf1 Nc2 21. a3 Nxe1 22. Rxe1 Rfb8 23. Nc7 Rxb2 24. Nxa8 Rxd2 25. Nxc4 Rc2 26. Ne3 Ra2 27. Nb6 Ne4 28. Nbc4 Rxf2+ 29. Kg1 Ra2 30. Rd1 d2 31. Kf1 Bd4 32. g3 Bxe3 33. Nxe3 Nc3 34. Kf2 Kg7 35. Kf3 Kf6 36. Kf4 Nxd1 37. Nxd1 Ra1 38. Ne3 d1Q 39. Nxd1 Rxd1 40. g4 Ra1 41. h4 Rxa3 42. g5+ Ke6 43. h5 Ra4+ 44. Kg3 gxh5 45. g6 hxg6 46. Kh3 Kf5 47. Kg3 g5 48. Kh3 Ra3+ 49. Kg2 Kf4 50. Kf2 g4 51. Kg2 Re3 52. Kf2 h4 53. Kg1 h3 54. Kf1 Kf3 0-1

[Event "Titled Tuesday intern op 04th Feb Late"]
[Site "Chess.com INT"]
[Date "2025.02.04"]
[Round "7"]
[White "Grebennikov, Nikolai A"]
[Black "Rossi, Maximiliano"]
[Result "0-1"]
[WhiteElo "2176"]
[BlackElo "2013"]
[PlyCount "100"]
[EventDate "2025.02.04"]
[EventType "swiss (blitz)"]
[EventRounds "11"]
[EventCountry "USA"]
[SourceTitle "CB07_2025"]
[SourceDate "2025.02.12"]
[SourceVersion "1"]
[SourceVersionDate "2025.02.12"]
[SourceQuality "1"]

1. d4 Nf6 2. c4 e6 3. Nc3 d5 4. cxd5 exd5 5. Bg5 Be7 6. e3 c6 7. Qc2 0-0 8. Bd3 Nbd7 9. Nge2 Re8 10. 0-0 h6 11. Bh4 Ne4 12. Bxe7 Qxe7 13. Rae1 Ndf6 14. Nc1 Bd7 15. Nb3 b6 16. f3 Nxc3 17. Qxc3 Qd6 18. e4 dxe4 19. fxe4 c5 20. dxc5 Qe5 21. Qxe5 Rxe5 22. Rc1 bxc5 23. Rxc5 Rae8 24. Rc7 Bb5 25. Bxb5 Rxb5 26. Rxa7 Rxe4 27. Rd1 Rg5 28. Rd2 Re1+ 29. Kf2 Rh1 30. Rd8+ Kh7 31. Rxf7 Rxh2 32. Nd4 Rgxg2+ 33. Ke3 Rg3+ 34. Kf4 Rg4+ 35. Kf5 Rh5+ 36. Ke6 Re4+ 37. Kd6 Rxd4+ 38. Kc6 Rxd8 39. Rxf6 gxf6 40. Kc7 Kg6 41. Kc6 Rg8 42. b4 Rf5 43. b5 h5 44. b6 Re8 45. b7 Rfe5 46. b8Q Rxb8 47. Kc7 Rbe8 48. a4 R5e7+ 49. Kd6 Ra7 50. Kd5 Rxa4 0-1

[Event "Titled Tuesday intern op 04th Feb Late"]
[Site "Chess.com INT"]
[Date "2025.02.04"]
[Round "6"]
[White "Khatoev, Eduard"]
[Black "Grebennikov, Nikolai A"]
[Result "1-0"]
[WhiteElo "2409"]
[BlackElo "2176"]
[PlyCount "55"]
[EventDate "2025.02.04"]
[EventType "swiss (blitz)"]
[EventRounds "11"]
[EventCountry "USA"]
[SourceTitle "CB07_2025"]
[SourceDate "2025.02.12"]
[SourceVersion "1"]
[SourceVersionDate "2025.02.12"]
[SourceQuality "1"]

1. d4 Nf6 2. Nf3 d5 3. c4 dxc4 4. e3 g6 5. Bxc4 Bg7 6. 0-0 0-0 7. Nc3 b6 8. e4 Bb7 9. Qe2 Nc6 10. d5 Na5 11. Bd3 c5 12. Bf4 Rc8 13. Rad1 Nh5 14. Be3 a6 15. e5 c4 16. Bc2 f5 17. Ng5 Bxe5 18. f4 Bh8 19. Ne6 Qd6 20. Nxf8 Kxf8 21. g4 fxg4 22. f5 Nf6 23. fxg6 hxg6 24. Qxg4 Bxd5 25. Qxc8+ Kg7 26. Rxd5 Nxd5 27. Qf8+ Kh7 28. Rf7+ 1-0

[Event "Titled Tuesday intern op 04th Feb Early"]
[Site "Chess.com INT"]
[Date "2025.02.04"]
[Round "5"]
[White "Nielsen Refs, Karl Emil Elmer"]
[Black "Grebennikov, Nikolai A"]
[Result "0-1"]
[WhiteElo "2095"]
[BlackElo "2176"]
[PlyCount "34"]
[EventDate "2025.02.04"]
[EventType "swiss (blitz)"]
[EventRounds "11"]
[EventCountry "USA"]
[SourceTitle "CB07_2025"]
[SourceDate "2025.02.12"]
[SourceVersion "1"]
[SourceVersionDate "2025.02.12"]
[SourceQuality "1"]

1. d4 Nf6 2. c4 g6 3. Nc3 d5 4. Nxd5 Nxd5 5. cxd5 Qxd5 6. Nf3 Bg7 7. e3 0-0 8. h3 c5 9. b3 cxd4 10. exd4 Nc6 11. Bc4 Qe4+ 12. Be3 e5 13. Ng5 Qxg2 14. Ke2 exd4 15. Bf4 d3+ 16. Qxd3 Bf5 17. Qe3 b5 0-1

[Event "Titled Tuesday intern op 04th Feb Early"]
[Site "Chess.com INT"]
[Date "2025.02.04"]
[Round "11"]
[White "Sasvatha, A."]
[Black "Grebennikov, Nikolai A"]
[Result "0-1"]
[WhiteElo "1760"]
[BlackElo "2176"]
[PlyCount "88"]
[EventDate "2025.02.04"]
[EventType "swiss (blitz)"]
[EventRounds "11"]
[EventCountry "USA"]
[SourceTitle "CB07_2025"]
[SourceDate "2025.02.12"]
[SourceVersion "1"]
[SourceVersionDate "2025.02.12"]
[SourceQuality "1"]

1. d4 Nf6 2. Nf3 g6 3. Bf4 d5 4. e3 c5 5. c3 cxd4 6. cxd4 Nc6 7. Be2 Nh5 8. Bg5 h6 9. Bh4 Qb6 10. Qd2 g5 11. Bg3 Bg7 12. Nc3 Nxg3 13. hxg3 e6 14. a3 Bd7 15. Rc1 Na5 16. b4 Nb3 17. Qb2 Nxc1 18. Qxc1 Rc8 19. Qd2 Qc6 20. Nd1 Qc2 21. Qxc2 Rxc2 22. Nd2 Ba4 23. f4 Ke7 24. Nf3 f6 25. fxg5 hxg5 26. Rxh8 Bxh8 27. Nd2 Kd6 28. Bd3 Rc1 29. Be2 e5 30. Nf3 e4 31. Nh2 f5 32. g4 f4 33. Kd2 Rc2+ 34. Ke1 Ra2 35. Nf1 Rxa3 36. exf4 gxf4 37. g5 Bxd1 38. Bxd1 Bxd4 39. g6 Ke6 40. g7 Kf7 41. Nd2 Bc3 42. Bh5+ Kxg7 43. Kd1 Bxd2 44. Kxd2 Rd3+ 0-1

[Event "Titled Tuesday intern op 04th Feb Late"]
[Site "Chess.com INT"]
[Date "2025.02.04"]
[Round "2"]
[White "Szalay Ocsak, Bank"]
[Black "Grebennikov, Nikolai A"]
[Result "1-0"]
[WhiteElo "2102"]
[BlackElo "2176"]
[PlyCount "117"]
[EventDate "2025.02.04"]
[EventType "swiss (blitz)"]
[EventRounds "11"]
[EventCountry "USA"]
[SourceTitle "CB07_2025"]
[SourceDate "2025.02.12"]
[SourceVersion "1"]
[SourceVersionDate "2025.02.12"]
[SourceQuality "1"]

1. d4 Nf6 2. Nf3 g6 3. g3 d5 4. Bg2 c6 5. 0-0 Bg7 6. c3 0-0 7. Nbd2 a5 8. Re1 Bf5 9. a4 Ne4 10. Nh4 Nxd2 11. Nxf5 gxf5 12. Bxd2 Nd7 13. Bf4 Nf6 14. Qc2 e6 15. Rad1 Nh5 16. Be5 f6 17. Bf4 Nxf4 18. gxf4 Bh6 19. e3 Qe7 20. Qe2 Qf7 21. c4 dxc4 22. Qxc4 Kh8 23. Kh1 Rg8 24. Bf3 Rg7 25. Rg1 Rag8 26. Rxg7 Rxg7 27. Qc5 Rg8 28. Qxa5 Bf8 29. Qc3 Bd6 30. Ra1 Qg7 31. a5 e5 32. dxe5 fxe5 33. a6 bxa6 34. Qxc6 Qf6 35. fxe5 Qxe5 36. Qc3 Rb8 37. Qxe5+ Bxe5 38. Rxa6 Rxb2 39. Ra5 Rxf2 40. Rxe5 Rxf3 41. Kg2 Rxe3 42. Rxe3 Kg7 43. Ra3 Kf6 44. Ra6+ Kg5 45. Kf3 h5 46. h4+ Kxh4 47. Kf4 Kh3 48. Kxf5 h4 49. Ra3+ Kg2 50. Kg4 h3 51. Rxh3 Kf2 52. Rg3 Kf1 53. Kf4 Kf2 54. Rf3+ Ke2 55. Ke4 Kd2 56. Rh3 Ke2 57. Rh2+ Kf1 58. Ke3 Kg1 59. Ra2 1-0

[Event "Titled Tuesday intern op 04th Feb Late"]
[Site "Chess.com INT"]
[Date "2025.02.04"]
[Round "11"]
[White "Yue, Tariq"]
[Black "Grebennikov, Nikolai A"]
[Result "1-0"]
[WhiteElo "2016"]
[BlackElo "2176"]
[PlyCount "83"]
[EventDate "2025.02.04"]
[EventType "swiss (blitz)"]
[EventRounds "11"]
[EventCountry "USA"]
[SourceTitle "CB07_2025"]
[SourceDate "2025.02.12"]
[SourceVersion "1"]
[SourceVersionDate "2025.02.12"]
[SourceQuality "1"]

1. Nf3 c5 2. b3 g6 3. Bb2 Nf6 4. g3 Bg7 5. Bg2 0-0 6. 0-0 Nc6 7. d3 d5 8. c4 d4 9. e4 dxe3 10. fxe3 Ng4 11. Bxg7 Kxg7 12. Qd2 Bf5 13. d4 Qa5 14. d5 Qxd2 15. Nbxd2 Nb4 16. e4 Bd7 17. a3 Nc2 18. Ra2 Nce3 19. Re1 Nxg2 20. Kxg2 b5 21. h3 Nf6 22. e5 Ne8 23. Ne4 bxc4 24. bxc4 Rc8 25. Rb2 Bf5 26. Rb7 Bxe4 27. Rxe4 Rc7 28. Rb8 Kg8 29. Re2 Ng7 30. Rxf8+ Kxf8 31. Rb2 Nf5 32. Kf2 Nd4 33. Ke3 Nxf3 34. Kxf3 f6 35. Ke4 Ke8 36. Rb8+ Kf7 37. e6+ Kg7 38. d6 exd6 39. Kd5 a5 40. Kxd6 Ra7 41. e7 Ra6+ 42. Kd5 1-0

[Event "Titled Tuesday intern op 14th Jan Early"]
[Site "Chess.com INT"]
[Date "2025.01.14"]
[Round "3"]
[White "Alazmi, Amani"]
[Black "Grebennikov, Nikolai A"]
[Result "0-1"]
[WhiteElo "1648"]
[BlackElo "2176"]
[PlyCount "102"]
[EventDate "2025.01.14"]
[EventType "swiss (blitz)"]
[EventRounds "11"]
[EventCountry "USA"]
[SourceTitle "CB04_2025"]
[SourceDate "2025.01.22"]
[SourceVersion "1"]
[SourceVersionDate "2025.01.22"]
[SourceQuality "1"]

1. c4 c5 2. Nf3 g6 3. d4 cxd4 4. Nxd4 Nc6 5. e4 Bg7 6. Be3 Nf6 7. Nc3 d6 8. h3 Qa5 9. Qc2 Be6 10. Nf3 Nxe4 11. Qxe4 Bxc3+ 12. bxc3 Qxc3+ 13. Kd1 Qxa1+ 14. Bc1 Bf5 15. Qe2 Nd4 16. Nxd4 Qxd4+ 17. Qd2 Qxd2+ 18. Bxd2 h5 19. Bc3 f6 20. f3 Rc8 21. Bd4 b6 22. Kd2 Be6 23. Be2 Bxc4 24. Rc1 Be6 25. Bb5+ Kf7 26. Re1 h4 27. a4 Bc4 28. Bd7 Rc7 29. Bg4 Rd8 30. f4 e5 31. Be3 f5 32. Bd1 e4 33. Bd4 Be6 34. Re3 Rdc8 35. Ra3 Rc4 36. Ke3 Rc1 37. Be2 R8c2 38. Kf2 Rd1 39. Be3 Rb1 40. a5 Bc4 41. Bd2 Rxd2 42. Re3 Rxe2+ 43. Rxe2 Bxe2 44. axb6 axb6 45. Kxe2 b5 46. Ke3 b4 47. Kd4 b3 48. g4 hxg3 49. h4 g2 50. h5 g1Q+ 51. Kd5 Qc5# 0-1

[Event "Titled Tuesday intern op 14th Jan Early"]
[Site "Chess.com INT"]
[Date "2025.01.14"]
[Round "10"]
[White "Grebennikov, Nikolai A"]
[Black "Merriman, John"]
[Result "1-0"]
[WhiteElo "2176"]
[BlackElo "2215"]
[PlyCount "31"]
[EventDate "2025.01.14"]
[EventType "swiss (blitz)"]
[EventRounds "11"]
[EventCountry "USA"]
[SourceTitle "CB04_2025"]
[SourceDate "2025.01.22"]
[SourceVersion "1"]
[SourceVersionDate "2025.01.22"]
[SourceQuality "1"]

1. d4 Nf6 2. c4 e6 3. Nc3 Bb4 4. a3 Bxc3+ 5. bxc3 c5 6. e3 Kf8 7. Bd3 b6 8. f3 Ba6 9. Ne2 Nc6 10. Ng3 d6 11. 0-0 e5 12. Bb2 g6 13. f4 Kg7 14. fxe5 dxe5 15. Qf3 Qc7 16. Qxf6+ 1-0

[Event "Titled Tuesday intern op 14th Jan Early"]
[Site "Chess.com INT"]
[Date "2025.01.14"]
[Round "11"]
[White "Tsiolakidis, Anastasios"]
[Black "Grebennikov, Nikolai A"]
[Result "0-1"]
[WhiteElo "2298"]
[BlackElo "2176"]
[PlyCount "70"]
[EventDate "2025.01.14"]
[EventType "swiss (blitz)"]
[EventRounds "11"]
[EventCountry "USA"]
[SourceTitle "CB04_2025"]
[SourceDate "2025.01.22"]
[SourceVersion "1"]
[SourceVersionDate "2025.01.22"]
[SourceQuality "1"]

1. e4 c5 2. Nf3 e6 3. d4 cxd4 4. Nxd4 Nc6 5. Nc3 Qc7 6. g3 a6 7. Bg2 Nf6 8. 0-0 Nxd4 9. Qxd4 Bc5 10. Qd3 0-0 11. Bf4 d6 12. Rfd1 e5 13. Bg5 Be6 14. Bxf6 gxf6 15. Nd5 Bxd5 16. Qxd5 Qb6 17. Rd3 Qxb2 18. Rf1 Qxc2 19. Rf3 Kg7 20. Bh3 Qe2 21. Kg2 b5 22. Bf5 b4 23. g4 h6 24. h4 Rg8 25. Rg3 Rab8 26. Bd7 a5 27. Ba4 Kf8 28. Bb3 Rg7 29. Qc6 Rxg4 30. Qc7 Qxe4+ 31. f3 Rxg3+ 32. Kxg3 Qg6+ 33. Kh3 Re8 34. Rc1 Bf2 35. Qxd6+ Kg7 0-1

[Event "Titled Tuesday intern op 14th Jan Early"]
[Site "Chess.com INT"]
[Date "2025.01.14"]
[Round "4"]
[White "Weishaeutel, Moritz"]
[Black "Grebennikov, Nikolai A"]
[Result "1-0"]
[WhiteElo "2401"]
[BlackElo "2176"]
[PlyCount "55"]
[EventDate "2025.01.14"]
[EventType "swiss (blitz)"]
[EventRounds "11"]
[EventCountry "USA"]
[SourceTitle "CB04_2025"]
[SourceDate "2025.01.22"]
[SourceVersion "1"]
[SourceVersionDate "2025.01.22"]
[SourceQuality "1"]

1. e4 c5 2. d4 cxd4 3. c3 dxc3 4. Nxc3 e6 5. Nf3 a6 6. Bc4 b5 7. Bb3 Nc6 8. 0-0 Na5 9. Re1 Bb7 10. Bd5 Bxd5 11. exd5 Rc8 12. Bg5 Be7 13. Ne4 Nb7 14. a4 b4 15. Qe2 Qa5 16. dxe6 fxe6 17. Rac1 Rd8 18. Bf4 Qxa4 19. Ne5 g6 20. Qf3 Qb5 21. Bg3 Nh6 22. Nf6+ Bxf6 23. Qxf6 Rf8 24. Qg7 Nf7 25. Qxh7 Nbd6 26. Nxg6 Nf5 27. Nxf8 Kxf8 28. Qg6 1-0

[Event "Sitges Sunway op-A 11th"]
[Site "Sitges"]
[Date "2024.12.19"]
[Round "7"]
[White "Grebennikov, Nikolai A"]
[Black "Dudognon, Thibault"]
[Result "0-1"]
[WhiteElo "2194"]
[BlackElo "2411"]
[PlyCount "94"]
[EventDate "2024.12.12"]
[EventType "swiss"]
[EventRounds "10"]
[EventCountry "ESP"]
[SourceTitle "CB52_2024"]
[SourceDate "2024.12.25"]
[SourceVersion "1"]
[SourceVersionDate "2024.12.25"]
[SourceQuality "1"]

1. d4 Nf6 2. c4 g6 3. Nc3 d5 4. cxd5 Nxd5 5. e4 Nxc3 6. bxc3 Bg7 7. Qa4+ Bd7 8. Qa3 0-0 9. Nf3 e5 10. Bg5 Qe8 11. d5 f5 12. Bd3 h6 13. Qb3 Ba4 14. Qxb7 Nd7 15. Be3 Nf6 16. Nd2 Qd7 17. Bxa7 c5 18. Qxd7 Nxd7 19. Bxc5 Nxc5 20. Ke2 fxe4 21. Nxe4 Nxe4 22. Bxe4 Bb5+ 23. Ke3 Ra3 24. Rhb1 Rxc3+ 25. Kd2 Rc5 26. f3 h5 27. a4 Bc4 28. a5 Ra8 29. d6 Bd5 30. Rb6 Bxe4 31. fxe4 Rcxa5 32. Rxa5 Rxa5 33. Rb8+ Kf7 34. d7 Bf6 35. g3 Ra2+ 36. Kc3 Rxh2 37. d8Q Bxd8 38. Rxd8 Rg2 39. Rd3 Re2 40. Kc4 Ke6 41. Rf3 Rxe4+ 42. Kd3 Ra4 43. Ke2 Ra7 44. Rb3 Kf5 45. Kf3 Ra5 46. Rc3 Rd5 47. Re3 Rd3 0-1

[Event "Budapest SixDays 11 GM"]
[Site "Budapest"]
[Date "2024.11.25"]
[Round "5"]
[White "Peng, Hongchi"]
[Black "Grebennikov, Nikolai A"]
[Result "1-0"]
[WhiteElo "2387"]
[BlackElo "2220"]
[PlyCount "41"]
[EventDate "2024.11.22"]
[EventType "tourn"]
[EventRounds "9"]
[EventCountry "HUN"]
[EventCategory "6"]
[SourceTitle "CB49_2024"]
[SourceDate "2024.12.04"]
[SourceVersion "1"]
[SourceVersionDate "2024.12.04"]
[SourceQuality "1"]

1. d4 Nf6 2. c4 g6 3. Nc3 d5 4. cxd5 Nxd5 5. h4 Bg7 6. h5 Nxc3 7. bxc3 c5 8. e3 Nc6 9. Bc4 0-0 10. hxg6 hxg6 11. Qc2 Bf5 12. e4 Bg4 13. f3 cxd4 14. fxg4 Ne5 15. Bb3 Rc8 16. Bh6 Rxc3 17. Qd2 Rd3 18. Bxg7 Rxd2 19. Bxe5 Re2+ 20. Kxe2 d3+ 21. Kd1 1-0

[Event "Budapest SixDays 09 GM-C"]
[Site "Budapest"]
[Date "2024.09.28"]
[Round "7"]
[White "Palczert, Matyas"]
[Black "Grebennikov, Nikolai A"]
[Result "1-0"]
[WhiteElo "2345"]
[BlackElo "2220"]
[PlyCount "73"]
[EventDate "2024.09.24"]
[EventType "tourn"]
[EventRounds "9"]
[EventCountry "HUN"]
[EventCategory "6"]
[SourceTitle "EXT 2025"]
[Source "ChessBase"]
[SourceDate "2024.10.14"]
[SourceVersion "1"]
[SourceVersionDate "2024.10.14"]
[SourceQuality "1"]

1. e4 c5 2. Nf3 e6 3. d4 cxd4 4. Nxd4 a6 5. c4 Nf6 6. Nc3 Bb4 7. Qd3 0-0 8. e5 Ne8 9. Bf4 d6 10. exd6 Bxd6 11. Nf3 Nc6 12. Bxd6 Qxd6 13. Qxd6 Nxd6 14. 0-0-0 Ne8 15. Nd4 Nxd4 16. Rxd4 e5 17. Rd5 f6 18. Rd8 Nc7 19. Rd6 Be6 20. Be2 b5 21. c5 b4 22. Na4 Bxa2 23. Nb6 Ra7 24. Rd7 Be6 25. Rhd1 Bxd7 26. Rxd7 g6 27. Kb1 Kh8 28. Bc4 f5 29. Nd5 Rc8 30. Ne7 Re8 31. Nc6 Rb7 32. Nd8 Rxd8 33. Rxd8+ Kg7 34. c6 Ra7 35. Rb8 Ra8 36. Rb7 Rc8 37. Be6 1-0

[Event "Budapest SixDays 09 GM-C"]
[Site "Budapest"]
[Date "2024.09.27"]
[Round "6"]
[White "Grebennikov, Nikolai A"]
[Black "Grover, Sahaj"]
[Result "1-0"]
[WhiteElo "2220"]
[BlackElo "2496"]
[PlyCount "73"]
[EventDate "2024.09.24"]
[EventType "tourn"]
[EventRounds "9"]
[EventCountry "HUN"]
[EventCategory "6"]
[SourceTitle "EXT 2025"]
[Source "ChessBase"]
[SourceDate "2024.10.14"]
[SourceVersion "1"]
[SourceVersionDate "2024.10.14"]
[SourceQuality "1"]

1. d4 d5 2. c4 e6 3. Nc3 Bb4 4. e3 Nf6 5. Nge2 0-0 6. a3 Be7 7. Ng3 b6 8. cxd5 exd5 9. b4 c5 10. b5 a6 11. a4 h5 12. Nxh5 Ne4 13. Bb2 g6 14. Nxe4 dxe4 15. Bc4 cxd4 16. Nf4 Bf6 17. Nd5 Be5 18. h4 Be6 19. Qb3 axb5 20. axb5 Rxa1+ 21. Bxa1 Bxd5 22. Bxd5 Qf6 23. Bxd4 Bxd4 24. exd4 Qxd4 25. 0-0 Nd7 26. Rd1 Qf6 27. Bxe4 Nc5 28. Qd5 Re8 29. Bb1 Re2 30. Rf1 Kg7 31. g3 Qb2 32. h5 Re5 33. h6+ Kxh6 34. Qxf7 Rg5 35. Kg2 Qg7 36. Rh1+ Rh5 37. Qf4+ 1-0

[Event "Bratislava exe op 2nd"]
[Site "Bratislava"]
[Date "2024.09.18"]
[Round "5"]
[White "Maciejewski, Kamil"]
[Black "Grebennikov, Nikolai A"]
[Result "1-0"]
[WhiteElo "1951"]
[BlackElo "2220"]
[PlyCount "83"]
[EventDate "2024.09.14"]
[EventType "swiss"]
[EventRounds "9"]
[EventCountry "SVK"]
[SourceTitle "EXT 2025"]
[Source "ChessBase"]
[SourceDate "2024.10.14"]
[SourceVersion "1"]
[SourceVersionDate "2024.10.14"]
[SourceQuality "1"]

1. Nf3 c5 2. c4 g6 3. g3 Bg7 4. Nc3 Nc6 5. Bg2 d6 6. 0-0 Bf5 7. b3 Qd7 8. Bb2 Bh3 9. Bxh3 Qxh3 10. e3 h5 11. Ng5 Qf5 12. h4 Nh6 13. d4 f6 14. e4 Qd7 15. Nf3 Nxd4 16. Nxd4 cxd4 17. Nd5 e6 18. Nf4 e5 19. Nxg6 Qh3 20. Qxh5 0-0-0 21. Qf3 Rhe8 22. Bc1 f5 23. Bxh6 fxe4 24. Qh5 Bxh6 25. Qxh6 e3 26. Qg5 e2 27. Rfe1 d3 28. h5 Kb8 29. Qh4 Qe6 30. Qe4 Qh3 31. Qxd3 Qxh5 32. Nh4 Rg8 33. Kh2 Rg4 34. Rxe2 Rxh4+ 35. gxh4 Qxh4+ 36. Qh3 Qf6 37. Kg2 Rg8+ 38. Kf1 Rh8 39. Qg2 e4 40. Rae1 Qf3 41. Qxf3 exf3 42. Re8+ 1-0

[Event "Bratislava exe op 2nd"]
[Site "Bratislava"]
[Date "2024.09.16"]
[Round "3"]
[White "Reichel, Lukasz"]
[Black "Grebennikov, Nikolai A"]
[Result "1/2-1/2"]
[WhiteElo "1913"]
[BlackElo "2220"]
[PlyCount "133"]
[EventDate "2024.09.14"]
[EventType "swiss"]
[EventRounds "9"]
[EventCountry "SVK"]
[SourceTitle "EXT 2025"]
[Source "ChessBase"]
[SourceDate "2024.10.14"]
[SourceVersion "1"]
[SourceVersionDate "2024.10.14"]
[SourceQuality "1"]

1. e4 c5 2. Nf3 e6 3. d4 cxd4 4. Nxd4 a6 5. c4 Nf6 6. Nc3 Bb4 7. Bd3 Nc6 8. Nde2 d5 9. exd5 exd5 10. cxd5 Qxd5 11. 0-0 Qh5 12. Nf4 Qxd1 13. Rxd1 0-0 14. Nfd5 Nxd5 15. Nxd5 Bc5 16. Be3 Bxe3 17. Nxe3 Be6 18. Bc4 Bxc4 19. Nxc4 Rad8 20. Kf1 Rd4 21. Rxd4 Nxd4 22. Rd1 Rd8 23. Na5 b6 24. Nb3 Ne6 25. Rxd8+ Nxd8 26. Nd4 Kf8 27. Ke2 Ke7 28. Kd3 g6 29. Kc4 Kd6 30. a4 f6 31. b4 g5 32. b5 a5 33. Nf5+ Ke5 34. Ne7 Nb7 35. Nc8 Nd6+ 36. Nxd6 Kxd6 37. g4 Ke5 38. f3 h6 39. h3 Ke6 40. Kd4 Kd6 41. Kc4 Ke5 42. Kc3 f5 43. Kc4 fxg4 44. hxg4 Kf4 45. Kd5 Kxf3 46. Kc6 Kxg4 47. Kxb6 h5 48. Kxa5 h4 49. b6 h3 50. b7 h2 51. b8Q h1Q 52. Qb4+ Kh5 53. Kb6 g4 54. Qc5+ Kh4 55. a5 g3 56. a6 Qb1+ 57. Kc7 Qh7+ 58. Kb8 Qg8+ 59. Kb7 Qg7+ 60. Kb8 g2 61. a7 Qg3+ 62. Kb7 Qb3+ 63. Kc7 Qf7+ 64. Kb8 Qe8+ 65. Kb7 Qe4+ 66. Kb8 Qb1+ 67. Kc7 1/2-1/2